000
00338nam a2200133Ia 4500
008
100328s9999 xx 000 0 und d
082
_b
68801
100
_a
कर्णिक मधु मंगेश.
245
_a
तहान.
260
_b
यशोदा.
630
_a
तहान.
730
_a
तहान.
942
_c
BOOK
999
_c
554536
_d
554533